| 000 | 00541nam a2200169Ia 4500 | ||
|---|---|---|---|
| 008 | 260520s2023 xx 000 0 und d | ||
| 020 | _a9789390469284 | ||
| 041 | _amar | ||
| 082 | _a954.02/CHA | ||
| 100 | _aचंद्र, सतीश | ||
| 245 | _aहिस्टोरियोग्राफी, रिलीजन अँड इन मेडिवल इंडिया | ||
| 250 | _a1st ed | ||
| 260 |
_aपुणे _bचेतक बुक्स , _c2023 |
||
| 300 | _a208p. | ||
| 500 | _aCat No: 14885 | ||
| 650 | _aHISTORY | ||
| 999 |
_c1222146 _d1222146 |
||